Catálogo

MANAGEMENT : (Registro nro. 53967)

Detalles MARC
000 -LEADER
fixed length control field 01010nam a2200193 a 4500
001 - CONTROL NUMBER
control field 53967
005 - DATE AND TIME OF LATEST TRANSACTION
control field 20180714044519.0
008 - FIXED-LENGTH DATA ELEMENTS--GENERAL INFORMATION
fixed length control field 140415s2004 000 0 spa d
020 ## - INTERNATIONAL STANDARD BOOK NUMBER
International Standard Book Number 0072538651
041 ## - LANGUAGE CODE
Language code of text/sound track or separate title spa
082 ## - DEWEY DECIMAL CLASSIFICATION NUMBER
Classification number 658
Item number BAT
100 1# - MAIN ENTRY--PERSONAL NAME
Personal name BATEMAN, THOMAS S. -SNELL, SCOTT A.
245 10 - TITLE STATEMENT
Title MANAGEMENT :
Remainder of title THE NEW COMPETITIVE LANDSCAPE
250 ## - EDITION STATEMENT
Edition statement 6a ed.
260 ## - PUBLICATION, DISTRIBUTION, ETC.
Place of publication, distribution, etc. [s.l.] :
Name of publisher, distributor, etc. MCGRAW HILL COMPANY,
Date of publication, distribution, etc. 2004
300 ## - PHYSICAL DESCRIPTION
Extent 614
Dimensions 22 x 2.7 x 28.5
520 ## - SUMMARY, ETC.
Summary, etc. MANAGEMENT: THE NEW COMPETITIVE LANDSCAPE RETURNS WITH ITS SIXTH EDITION, FEATURING AN IMPRESSIVE COLLETION OF INTERACTIVE TOOLS-ALL TO HELP USERS BETTER UNDERSTAND TODAYS WORLD OF MANAGEMENT. THIS SUCCESSFUL TEXT HAS ALWAYS EXPLAINED THE TRADITIONAL, FUNCTIONAL APPROACH TO MANAGEMENT IN COMBINATION WITH EVOLVING PERSPECTIVES AND CURRENT PRACTICES. IN THIS LATEST EDITION, BATEMAN AND SNELL SHOW HOW MANAGERS ACHIEVE THEIR GOALS BY USING CLASSIC PRINCIPLES ALONG WITH NEW STRATEGIES AND
650 14 - SUBJECT ADDED ENTRY--TOPICAL TERM
Topical term or geographic name entry element ADMINISTRACION
Existencias
Withdrawn status Lost status Source of classification or shelving scheme Damaged status Not for loan Collection code Home library Current library Shelving location Date acquired Source of acquisition Inventory number Total Checkouts Full call number Barcode Date last seen Date last checked out Price effective from Koha item type
    Dewey Decimal Classification     General Biblioteca Karol Wojtyla Biblioteca Karol Wojtyla Sala general 03/12/2013 Compra 151000000000000000020706   658 BAT 80231 05/01/2026 28/11/2015 03/12/2013 Libro